000 00710nam a2200277Ia 4500
001 2811
005 20240113233556.0
007 ta
008 170811s2002 ii g b000 u 465 u
040 _aCotton College,Assam
041 _aeng
082 _a523.1
_bNa 164 In
100 _aNarlikar, Jayant V. .
245 0 _aAn Introduction to Cosmology /
_cJayant V. Narlikar.
_hTextual Documents
250 _a3rd ed. /
260 _aLondon :
_bCambridge University Press ,
_c2002.
300 _a541p. ;
_c23cm.
653 _aPhysics
653 _aCosmology
653 _aG-Physics
653 _aAstronomy
942 _2ddc
_cBK
999 _c2804
_d2804